| 000 | 01545 a2200397 4500 | ||
|---|---|---|---|
| 001 | 18268164 | ||
| 003 | 00000 | ||
| 005 | 20260311145948.0 | ||
| 008 | 140812s2015 moua 001 0 eng | ||
| 010 | _a 2014032362 | ||
| 020 | _a9780323874885 | ||
| 035 | _a18268164 | ||
| 035 | _a(DNLM)101639160 | ||
| 040 |
_aDNLM/DLC _cDLC _erda _dDLC |
||
| 042 | _apcc | ||
| 050 | 0 | 0 |
_aRT 84 .K67 _b2024 |
| 082 | 0 | 0 | _223 |
| 100 | 1 |
_aKostelnick, Clare, _eauthor. |
|
| 245 | 1 | 0 |
_aMosby's textbook for long-term care nursing assistants / _cClare Kostelnick, RN, BSN, Health Occupatients and Nurse Assistant Instructor, Des Moines Area Community College, Ames, Iowa. |
| 246 | 1 | _aTextbook for long-term care nursing assistants | |
| 250 | _a9th ed. | ||
| 264 | 1 |
_aSt. Louis, Missouri : _bElsevier, _c2024 |
|
| 300 |
_axxv, 719 pages : _bchiefly color ; _c28 cm + _eCD-ROM (4 3/4 in.) |
||
| 336 |
_atext _btxt _2rdacontent |
||
| 337 |
_aunmediated _bn _2rdamedia |
||
| 338 |
_avolume _bnc _2rdacarrier |
||
| 500 | _aPreceded by Mosby's textbook for long-term care nursing assistants / Sheila A. Sorrentino, Bernie Gorek. 6th ed. c2011. | ||
| 500 | _aIncludes index. | ||
| 650 | 1 | 2 |
_aLong-Term Care _xmethods. |
| 650 | 1 | 2 |
_aNursing Care _xmethods. |
| 650 | 2 | 2 | _aNurses' Aides. |
| 700 | 1 |
_aSorrentino, Sheila A. _tMosby's textbook for long-term care nursing assistants. _iPreceded by (work): |
|
| 906 |
_a7 _bcbc _corignew _d1 _eecip _f20 _gy-gencatlg |
||
| 942 |
_2lcc _cBK |
||
| 999 |
_c44106 _d44106 |
||